Statistics for MineZ Dungeons

Click here to take the quiz!

General Stats

  • This quiz has been taken 58 times
  • The average score is 15 of 36

Answer Stats

Dungeon% Correct
Frostbain Catacombs
75%
Anemos Sanctum
71%
Meteor Crater
71%
Paluster Dungeon
60%
Floating Islands
58%
Byesford Labs
54%
Ghost Fleet
52%
Warped Ruins
52%
Dark Mansion
50%
Desert Canyon Sanctuary
50%
Lost Thieves' Guild
50%
Mantle
50%
Red Demon Temple
50%
Necromancer Tower
48%
Sunken Library
44%
Wizard Tower
44%
Cave of the Dead Lady
42%
CotDL (Secret Dungeon)
42%
Krubera Vault
42%
Test of Virtues
40%
Aeternalis Tombs
38%
Hell On Earth
38%
Maze of the Tenth
38%
Spire
38%
Saward Crypt
35%
Conagher's Abandoned Mineshaft
33%
Lorfaul Mines
33%
Tristitia Dungeon
31%
Simoon's Song Dungeon
27%
Sacrificial Pit to the Fire God Agni
25%
Water Spire
21%
Mount Therum
17%
Ghost Ship
15%
Wind Spire
15%
Roseluck Tombs
10%
Anvalia Mineshaft
8%

Score Distribution

Percentile by Number Answered

Percent of People with Each Score

Your Score History

You have not taken this quiz